Veterinary epidemiology : (Record no. 16080)

000 -LEADER
fixed length control field 00556cam a2200181 a 4500
020 ## - INTERNATIONAL STANDARD BOOK NUMBER
ISBN 9781405176941 (pbk. : alk. paper)
020 ## - INTERNATIONAL STANDARD BOOK NUMBER
ISBN 1405176946 (pbk. : alk. paper)
040 ## - CATALOGING SOURCE
Transcribing agency DLC
082 00 - DEWEY DECIMAL CLASSIFICATION NUMBER
Classification number 636 WIL 2010 A083 Or.
100 1# - MAIN ENTRY--AUTHOR NAME
Personal name Pfeiffer, Dirk,
245 10 - TITLE STATEMENT
Title Veterinary epidemiology :
Remainder of title an introduction /
260 ## - PUBLICATION, DISTRIBUTION, ETC. (IMPRINT)
Place of publication Chichester, U.K. ;
-- Ames, Iowa :
Name of publisher Wiley-Blackwell,
Year of publication 2010
300 ## - PHYSICAL DESCRIPTION
Number of Pages xiv, 135 p. :
Other physical details ill., maps ;
Dimensions 23 cm
650 #0 - SUBJECT ADDED ENTRY--TOPICAL TERM
Topical Term Veterinary epidemiology
650 12 - SUBJECT ADDED ENTRY--TOPICAL TERM
Topical Term Epidemiologic Methods
650 22 - SUBJECT ADDED ENTRY--TOPICAL TERM
Topical Term Animal Diseases
942 ## - ADDED ENTRY ELEMENTS (KOHA)
Koha item type សៀវភៅភាសាអង់គ្លេស
952 ## - LOCATION AND ITEM INFORMATION (KOHA)
Withdrawn status [LOCAL, KOHA] 0
Holdings
Permanent Location Date acquired Koha item type Lost status Shelving location Barcode Current Location Full call number
Library Block A2018-01-08សៀវភៅភាសាអង់គ្លេស A083A14907Library Block A636 WIL 2010 A083 Or.
មជ្ឈមណ្ឌលឯការនៃសាកលវិទ្យាល័យភូមិន្ទកសិកម្មចំការដូង

Powered by Koha